[Event "EUYCC 2024 U12"]
[Site "?"]
[Date "2024.08.10"]
[Round "6.7"]
[White "Meszaros-Csonka, David"]
[Black "Sweetman, Hugo"]
[Result "1-0"]
[BlackElo "1493"]
[WhiteElo "1932"]
[LiveChessVersion "1.4.8"]

1. d4 {[%clk 1:30:11]} d5 {[%clk 1:30:46]} 2. Bf4 {[%clk 1:30:18]} Nf6
{[%clk 1:30:58]} 3. e3 {[%clk 1:30:34]} c5 {[%clk 1:31:14]} 4. Nc3
{[%clk 1:30:46]} a6 {[%clk 1:30:52]} 5. dxc5 {[%clk 1:30:29]} Nc6
{[%clk 1:30:30]} 6. Nf3 {[%clk 1:30:35]} Bg4 {[%clk 1:29:35]} 7. Be2
{[%clk 1:30:30]} e6 {[%clk 1:29:33]} 8. Na4 {[%clk 1:24:56]} Bxc5
{[%clk 1:25:16]} 9. Nxc5 {[%clk 1:25:01]} Qa5+ {[%clk 1:25:37]} 10. c3
{[%clk 1:25:24]} Qxc5 {[%clk 1:25:56]} 11. h3 {[%clk 1:22:54]} Bxf3
{[%clk 1:23:05]} 12. Bxf3 {[%clk 1:23:21]} O-O {[%clk 1:18:52]} 13. O-O
{[%clk 1:19:51]} Rad8 {[%clk 1:16:12]} 14. Rc1 {[%clk 1:14:07]} Qe7
{[%clk 1:14:15]} 15. Qc2 {[%clk 1:04:19]} Na5 {[%clk 1:08:28]} 16. Rfd1
{[%clk 0:53:33]} h6 {[%clk 1:04:26]} 17. Bg3 {[%clk 0:50:31]} Nh7
{[%clk 0:57:11]} 18. h4 {[%clk 0:37:59]} Nf6 {[%clk 0:55:05]} 19. e4
{[%clk 0:27:30]} dxe4 {[%clk 0:52:40]} 20. Bxe4 {[%clk 0:27:01]} Nxe4
{[%clk 0:52:43]} 21. Qxe4 {[%clk 0:27:30]} Rxd1+ {[%clk 0:44:44]} 22. Rxd1
{[%clk 0:27:59]} Rd8 {[%clk 0:44:52]} 23. Rxd8+ {[%clk 0:17:16]} Qxd8
{[%clk 0:45:07]} 24. Qb4 {[%clk 0:15:15]} b5 {[%clk 0:41:59]} 25. b3
{[%clk 0:14:31]} f6 {[%clk 0:33:11]} 26. Qd6 {[%clk 0:10:31]} Qxd6
{[%clk 0:33:01]} 27. Bxd6 {[%clk 0:10:59]} Kf7 {[%clk 0:33:12]} 28. Kf1
{[%clk 0:09:35]} Ke8 {[%clk 0:32:57]} 29. h5 {[%clk 0:07:51]} Nb7
{[%clk 0:32:39]} 30. Bb4 {[%clk 0:07:04]} Nd8 {[%clk 0:30:48]} 31. Ke2
{[%clk 0:06:22]} Nc6 {[%clk 0:31:00]} 32. Bd6 {[%clk 0:06:49]} e5
{[%clk 0:30:10]} 33. g4 {[%clk 0:05:57]} Kf7 {[%clk 0:28:47]} 34. Ke3
{[%clk 0:06:16]} Ke6 {[%clk 0:29:06]} 35. Bf8 {[%clk 0:06:37]} Kf7
{[%clk 0:29:29]} 36. Bc5 {[%clk 0:06:59]} Ke6 {[%clk 0:29:40]} 37. Ke4
{[%clk 0:07:14]} Nd8 {[%clk 0:29:03]} 38. c4 {[%clk 0:05:31]} Nb7
{[%clk 0:29:23]} 39. Bf8 {[%clk 0:05:05]} Kf7 {[%clk 0:29:21]} 40. Ba3
{[%clk 0:05:32]} Ke6 {[%clk 0:29:29]} 41. cxb5 {[%clk 0:05:37]} axb5
{[%clk 0:29:47]} 42. Bb4 {[%clk 0:05:56]} Nd8 {[%clk 0:29:39]} 43. a4
{[%clk 0:04:15]} Nc6 {[%clk 0:29:36]} 44. Bf8 {[%clk 0:04:10]} bxa4
{[%clk 0:29:47]} 45. bxa4 {[%clk 0:04:07]} Kf7 {[%clk 0:29:57]} 46. Kd5
{[%clk 0:02:52]} Nb8 {[%clk 0:30:03]} 47. Bd6 {[%clk 0:02:42]} Nd7
{[%clk 0:30:23]} 48. a5 {[%clk 0:02:18]} 1-0

[Event "EUYCC 2024 U12"]
[Site "?"]
[Date "2024.08.10"]
[Round "6.8"]
[White "Lickova, Anna"]
[Black "Janouskova, Eliska"]
[Result "0-1"]
[BlackElo "1672"]
[WhiteElo "1621"]
[LiveChessVersion "1.4.8"]

1. Nf3 {[%clk 1:30:57]} d5 {[%clk 1:30:43]} 2. g3 {[%clk 1:31:14]} e6
{[%clk 1:30:15]} 3. Bg2 {[%clk 1:30:18]} Bd6 {[%clk 1:28:00]} 4. O-O
{[%clk 1:28:48]} Nf6 {[%clk 1:23:47]} 5. d3 {[%clk 1:24:57]} O-O {[%clk 1:22:05]}
6. Nc3 {[%clk 1:21:58]} Nc6 {[%clk 1:17:27]} 7. e3 {[%clk 1:15:49]} a6
{[%clk 1:14:40]} 8. Re1 {[%clk 1:14:46]} Qe7 {[%clk 1:11:35]} 9. Ne2
{[%clk 1:11:39]} Rd8 {[%clk 1:09:11]} 10. Ned4 {[%clk 1:09:11]} Ne5
{[%clk 1:07:39]} 11. Nxe5 {[%clk 1:07:52]} Bxe5 {[%clk 1:08:06]} 12. Nf3
{[%clk 1:08:06]} Bd6 {[%clk 1:07:37]} 13. Qe2 {[%clk 1:07:38]} e5
{[%clk 1:04:16]} 14. e4 {[%clk 1:05:44]} dxe4 {[%clk 1:01:17]} 15. dxe4
{[%clk 1:06:05]} Bd7 {[%clk 0:58:45]} 16. Bd2 {[%clk 0:57:39]} Bc6
{[%clk 0:57:54]} 17. Nh4 {[%clk 0:56:59]} Qe6 {[%clk 0:49:25]} 18. Bf3
{[%clk 0:48:44]} Bc5 {[%clk 0:44:58]} 19. b3 {[%clk 0:44:33]} Rd7
{[%clk 0:37:40]} 20. Rad1 {[%clk 0:40:09]} Rad8 {[%clk 0:36:19]} 21. Bc1
{[%clk 0:27:00]} Bb4 {[%clk 0:29:45]} 22. Rf1 {[%clk 0:25:50]} Bc3
{[%clk 0:29:01]} 23. Rxd7 {[%clk 0:17:58]} Rxd7 {[%clk 0:24:08]} 24. Rd1
{[%clk 0:16:31]} Bb5 {[%clk 0:21:20]} 25. Qe3 {[%clk 0:16:01]} Bd4
{[%clk 0:20:55]} 26. Qe1 {[%clk 0:15:31]} Bc6 {[%clk 0:16:55]} 27. Bg2
{[%clk 0:09:43]} Qg4 {[%clk 0:13:56]} 28. Bf3 {[%clk 0:06:58]} Qe6
{[%clk 0:13:39]} 29. Bg2 {[%clk 0:07:02]} Ng4 {[%clk 0:09:18]} 30. Be3
{[%clk 0:05:48]} Nxe3 {[%clk 0:07:30]} 31. fxe3 {[%clk 0:06:02]} Bxe3+
{[%clk 0:07:06]} 32. Kh1 {[%clk 0:05:32]} Rxd1 {[%clk 0:06:23]} 33. Qxd1
{[%clk 0:05:57]} Qd7 {[%clk 0:06:11]} 34. Qe2 {[%clk 0:02:17]} Qd4
{[%clk 0:03:36]} 35. Qd3 {[%clk 0:01:02]} Qa1+ {[%clk 0:02:15]} 36. Qf1
{[%clk 0:00:52]} Qxf1+ {[%clk 0:02:17]} 37. Bxf1 {[%clk 0:01:18]} Bxe4+
{[%clk 0:02:42]} 38. Ng2 {[%clk 0:01:29]} Bd4 {[%clk 0:02:28]} 39. c4
{[%clk 0:01:32]} Bb1 {[%clk 0:02:36]} 40. a3 {[%clk 0:00:59]} Bb2
{[%clk 0:02:51]} 41. a4 {[%clk 0:01:13]} Bc2 {[%clk 0:03:07]} 42. Ne3
{[%clk 0:01:02]} Bxb3 {[%clk 0:02:53]} 43. Bg2 {[%clk 0:00:54]} c6
{[%clk 0:03:01]} 44. Nf5 {[%clk 0:00:33]} Ba3 {[%clk 0:02:48]} 45. Ne3
{[%clk 0:00:34]} Bxa4 {[%clk 0:02:39]} 46. Bh3 {[%clk 0:00:43]} Bc5
{[%clk 0:02:24]} 47. Nf1 {[%clk 0:00:39]} Bc2 {[%clk 0:02:33]} 48. Bg2
{[%clk 0:00:48]} Bd3 {[%clk 0:02:28]} 49. Nd2 {[%clk 0:01:07]} Bb4
{[%clk 0:02:28]} 50. Nf3 {[%clk 0:01:14]} Bc3 {[%clk 0:02:34]} 51. Kg1
{[%clk 0:01:05]} Bxc4 {[%clk 0:02:30]} 52. Kf2 {[%clk 0:01:20]} a5
{[%clk 0:02:25]} 53. Ng5 {[%clk 0:01:26]} a4 {[%clk 0:02:11]} 54. Ne4
{[%clk 0:01:49]} Bd4+ {[%clk 0:02:36]} 55. Ke1 {[%clk 0:02:11]} Bd5
{[%clk 0:02:53]} 56. Kf1 {[%clk 0:01:53]} a3 {[%clk 0:02:52]} 57. Nd2
{[%clk 0:02:16]} Bxg2+ {[%clk 0:03:12]} 58. Kxg2 {[%clk 0:02:40]} a2
{[%clk 0:03:32]} 59. Nb3 {[%clk 0:03:07]} a1=Q {[%clk 0:03:52]} 60. Nxa1
{[%clk 0:03:28]} Bxa1 {[%clk 0:04:18]} 61. Kf2 {[%clk 0:03:47]} b5
{[%clk 0:04:04]} 62. Ke2 {[%clk 0:04:11]} b4 {[%clk 0:04:19]} 63. Ke3
{[%clk 0:04:20]} c5 {[%clk 0:04:21]} 64. Ke2 {[%clk 0:04:42]} b3 {[%clk 0:04:44]}
65. Kd2 {[%clk 0:05:08]} Bd4 {[%clk 0:05:06]} 66. Kd3 {[%clk 0:05:32]} e4+
{[%clk 0:05:07]} 67. Kd2 {[%clk 0:05:56]} b2 {[%clk 0:05:33]} 68. Kc2
{[%clk 0:06:22]} e3 {[%clk 0:05:57]} 69. Kb1 {[%clk 0:06:39]} e2 {[%clk 0:06:20]}
70. Ka2 {[%clk 0:06:51]} e1=Q {[%clk 0:06:32]} 71. Ka3 {[%clk 0:07:18]} b1=Q
{[%clk 0:06:52]} 72. Ka4 {[%clk 0:07:46]} Qeb4# {[%clk 0:07:15]} 0-1

[Event "EUYCC 2024 U12"]
[Site "?"]
[Date "2024.08.10"]
[Round "6.9"]
[White "Ochkova, Vasilena"]
[Black "Bannoura, Daniel"]
[Result "0-1"]
[BlackElo "1483"]
[WhiteElo "1587"]
[LiveChessVersion "1.4.8"]

1. e4 {[%clk 1:30:57]} c5 {[%clk 1:30:51]} 2. Nc3 {[%clk 1:31:15]} g6
{[%clk 1:30:57]} 3. g3 {[%clk 1:31:11]} Bg7 {[%clk 1:30:50]} 4. Bg2
{[%clk 1:31:15]} Nc6 {[%clk 1:30:20]} 5. d3 {[%clk 1:30:33]} d6 {[%clk 1:29:30]}
6. Nge2 {[%clk 1:28:56]} a6 {[%clk 1:25:58]} 7. O-O {[%clk 1:28:10]} e5
{[%clk 1:24:04]} 8. Be3 {[%clk 1:24:48]} Be6 {[%clk 1:21:25]} 9. Qd2
{[%clk 1:18:56]} b5 {[%clk 1:18:19]} 10. a3 {[%clk 1:17:57]} h5 {[%clk 1:09:53]}
11. h4 {[%clk 1:17:04]} Qd7 {[%clk 1:09:17]} 12. Kh2 {[%clk 1:07:49]} Nh6
{[%clk 0:59:57]} 13. f3 {[%clk 1:06:06]} Nd4 {[%clk 0:57:50]} 14. Ng1
{[%clk 1:01:41]} f5 {[%clk 0:54:16]} 15. Bh3 {[%clk 0:56:56]} Ng4+
{[%clk 0:50:49]} 16. fxg4 {[%clk 0:55:38]} hxg4 {[%clk 0:50:52]} 17. Bg2
{[%clk 0:55:42]} f4 {[%clk 0:50:25]} 18. gxf4 {[%clk 0:47:29]} Qe7
{[%clk 0:47:29]} 19. Bf2 {[%clk 0:38:40]} exf4 {[%clk 0:46:21]} 20. Kh1
{[%clk 0:13:54]} g3 {[%clk 0:44:48]} 21. Bxg3 {[%clk 0:12:59]} fxg3
{[%clk 0:44:31]} 22. Nf3 {[%clk 0:10:29]} Nxf3 {[%clk 0:44:14]} 23. Bxf3
{[%clk 0:08:39]} Qxh4+ {[%clk 0:44:33]} 0-1

[Event "EUYCC 2024 U12"]
[Site "?"]
[Date "2024.08.10"]
[Round "6.11"]
[White "Skytte, Robert"]
[Black "Hrckova, Anna"]
[Result "1-0"]
[BlackElo "1586"]
[WhiteElo "1866"]
[LiveChessVersion "1.4.8"]

1. e4 {[%clk 1:30:55]} e5 {[%clk 1:30:53]} 2. Nf3 {[%clk 1:31:18]} Nc6
{[%clk 1:31:13]} 3. Bc4 {[%clk 1:31:42]} Nf6 {[%clk 1:31:12]} 4. O-O
{[%clk 1:32:04]} Be7 {[%clk 1:31:24]} 5. d4 {[%clk 1:32:10]} exd4
{[%clk 1:31:31]} 6. Nxd4 {[%clk 1:32:29]} Nxe4 {[%clk 1:31:44]} 7. Nf5
{[%clk 1:31:38]} Kf8 {[%clk 1:06:04]} 8. Qd5 {[%clk 1:31:49]} Nd6
{[%clk 1:06:03]} 9. Nxd6 {[%clk 1:32:10]} Ne5 {[%clk 1:04:49]} 10. Nxf7
{[%clk 1:31:59]} c6 {[%clk 1:04:27]} 11. Qxe5 {[%clk 1:32:09]} d6
{[%clk 1:04:28]} 12. Qf4 {[%clk 1:32:28]} Qc7 {[%clk 1:04:02]} 13. Nxh8+
{[%clk 1:32:40]} Bf6 {[%clk 1:03:06]} 14. g4 {[%clk 1:33:03]} g5 {[%clk 1:03:22]}
15. Qxf6+ {[%clk 1:33:27]} 1-0

[Event "EUYCC 2024 U12"]
[Site "?"]
[Date "2024.08.10"]
[Round "6.13"]
[White "Rudova, Jana"]
[Black "Hamernikova, Iris"]
[Result "1/2-1/2"]
[BlackElo "1448"]
[WhiteElo "1484"]
[LiveChessVersion "1.4.8"]

1. e4 {[%clk 1:30:57]} e5 {[%clk 1:30:55]} 2. Nf3 {[%clk 1:31:21]} Nc6
{[%clk 1:31:21]} 3. Nc3 {[%clk 1:31:44]} Nf6 {[%clk 1:31:47]} 4. Bb5
{[%clk 1:32:08]} Bb4 {[%clk 1:32:04]} 5. d3 {[%clk 1:32:32]} d6 {[%clk 1:32:24]}
6. Bg5 {[%clk 1:32:57]} h6 {[%clk 1:32:23]} 7. Bh4 {[%clk 1:32:58]} g5
{[%clk 1:32:46]} 8. Bg3 {[%clk 1:32:51]} Bg4 {[%clk 1:31:31]} 9. O-O
{[%clk 1:29:37]} Qd7 {[%clk 1:29:51]} 10. Nd5 {[%clk 1:28:05]} Nxd5 11. exd5
{[%clk 1:28:05]} Bc5 {[%clk 1:26:47]} 12. dxc6 {[%clk 1:27:59]} bxc6
{[%clk 1:27:12]} 13. Ba4 {[%clk 1:27:25]} f5 {[%clk 1:26:54]} 14. h3
{[%clk 1:26:28]} Bh5 {[%clk 1:26:49]} 15. Re1 {[%clk 1:25:40]} O-O-O
{[%clk 0:58:05]} 16. Qe2 {[%clk 1:09:29]} Bxf3 {[%clk 0:54:14]} 17. gxf3
{[%clk 1:08:47]} f4 {[%clk 0:47:35]} 18. Bh2 {[%clk 1:08:33]} Rdg8
{[%clk 0:41:26]} 19. Kh1 {[%clk 0:57:24]} h5 {[%clk 0:27:35]} 1/2-1/2

[Event "EUYCC 2024 U12"]
[Site "?"]
[Date "2024.08.11"]
[Round "7.1"]
[White "Bilochenko, Matvii"]
[Black "Sabou, Stefania Theodora"]
[Result "1-0"]
[BlackElo "1781"]
[WhiteElo "1800"]
[LiveChessVersion "1.4.8"]

1. e4 {[%clk 1:30:58]} c5 {[%clk 1:30:49]} 2. Nf3 {[%clk 1:31:22]} Nc6
{[%clk 1:31:10]} 3. Bb5 {[%clk 1:31:42]} g6 {[%clk 1:31:18]} 4. Bxc6
{[%clk 1:32:02]} dxc6 {[%clk 1:31:40]} 5. d3 {[%clk 1:32:11]} Bg7
{[%clk 1:31:49]} 6. a4 {[%clk 1:32:05]} a5 {[%clk 1:32:07]} 7. Na3
{[%clk 1:31:11]} e5 {[%clk 1:29:03]} 8. Nc4 {[%clk 1:30:27]} Qc7 {[%clk 1:29:24]}
9. Bd2 {[%clk 1:29:38]} b6 {[%clk 1:23:28]} 10. O-O {[%clk 1:29:10]} Bg4
{[%clk 1:22:11]} 11. h3 {[%clk 1:26:56]} Be6 {[%clk 1:18:49]} 12. Ncxe5
{[%clk 1:13:27]} O-O-O {[%clk 1:18:46]} 13. Bc3 {[%clk 1:09:10]} f6
{[%clk 1:18:10]} 14. Ng4 {[%clk 1:06:05]} h5 {[%clk 1:10:46]} 15. Ne3
{[%clk 1:02:16]} g5 {[%clk 1:05:31]} 16. Nd2 {[%clk 0:50:00]} Nh6
{[%clk 0:57:08]} 17. Qe2 {[%clk 0:37:15]} Rh7 {[%clk 0:48:54]} 18. Nec4
{[%clk 0:33:17]} Kb7 {[%clk 0:33:55]} 19. Nb3 {[%clk 0:24:33]} Bxc4
{[%clk 0:30:10]} 20. dxc4 {[%clk 0:24:06]} Rdh8 {[%clk 0:29:03]} 21. Rad1
{[%clk 0:18:25]} Ng4 {[%clk 0:21:50]} 22. g3 {[%clk 0:15:49]} Qc8
{[%clk 0:16:11]} 23. Rd3 {[%clk 0:10:59]} Ka6 {[%clk 0:09:41]} 24. Rfd1
{[%clk 0:09:36]} Ne5 25. Bxe5 {[%clk 0:09:26]} fxe5 {[%clk 0:06:27]} 26. Rd7
{[%clk 0:08:51]} h4 {[%clk 0:06:24]} 27. g4 {[%clk 0:08:40]} Bf6 {[%clk 0:06:19]}
28. Qd3 {[%clk 0:07:16]} Be7 {[%clk 0:05:42]} 29. Kg2 {[%clk 0:05:10]} Rf8
{[%clk 0:05:22]} 30. Nd2 {[%clk 0:04:19]} Rhf7 {[%clk 0:05:23]} 31. f3
{[%clk 0:04:18]} Bf6 {[%clk 0:04:57]} 32. Rxf7 {[%clk 0:03:58]} Rxf7
{[%clk 0:05:25]} 33. Nf1 {[%clk 0:03:41]} Kb7 {[%clk 0:03:42]} 34. Ne3
{[%clk 0:03:46]} Qf8 {[%clk 0:03:51]} 35. Nf5 {[%clk 0:03:48]} Rc7
{[%clk 0:03:45]} 36. c3 {[%clk 0:03:25]} Kb8 {[%clk 0:03:50]} 37. Qd6
{[%clk 0:02:48]} Qf7 {[%clk 0:03:01]} 38. b3 {[%clk 0:02:47]} Kb7
{[%clk 0:03:17]} 39. Qd3 {[%clk 0:02:55]} Qf8 {[%clk 0:03:28]} 40. Qe2
{[%clk 0:03:02]} Kc8 {[%clk 0:02:43]} 41. Rd6 {[%clk 0:02:45]} Kb8
{[%clk 0:02:29]} 42. Qd2 {[%clk 0:02:38]} Qf7 {[%clk 0:01:48]} 43. Kf2 Qf8 44.
Re6 1-0

[Event "EUYCC 2024 U12"]
[Site "?"]
[Date "2024.08.11"]
[Round "7.2"]
[White "Kopecny, Filip"]
[Black "Corral Nehama, Leo"]
[Result "1-0"]
[BlackElo "1984"]
[WhiteElo "2008"]
[LiveChessVersion "1.4.8"]

1. d4 {[%clk 1:30:52]} Nf6 {[%clk 1:30:05]} 2. c4 {[%clk 1:31:17]} e6
{[%clk 1:30:27]} 3. Nf3 {[%clk 1:31:41]} Bb4+ {[%clk 1:30:06]} 4. Bd2
{[%clk 1:31:57]} c5 {[%clk 1:30:11]} 5. Bxb4 {[%clk 1:32:08]} cxb4
{[%clk 1:30:40]} 6. g3 {[%clk 1:32:27]} d6 {[%clk 1:26:56]} 7. Bg2
{[%clk 1:32:39]} O-O {[%clk 1:25:59]} 8. O-O {[%clk 1:32:51]} Nc6
{[%clk 1:25:15]} 9. a3 {[%clk 1:31:53]} bxa3 {[%clk 1:22:05]} 10. Rxa3
{[%clk 1:31:23]} e5 {[%clk 1:19:21]} 11. e3 {[%clk 1:31:14]} Bf5 {[%clk 0:58:18]}
12. Nc3 {[%clk 1:30:46]} Qb6 {[%clk 0:55:52]} 13. Rb3 {[%clk 1:14:30]} Nb4
{[%clk 0:41:14]} 14. Na4 {[%clk 1:10:50]} Qa5 {[%clk 0:40:39]} 15. Qd2
{[%clk 1:10:57]} Qxa4 {[%clk 0:40:04]} 16. Rxb4 {[%clk 1:10:49]} Qd7
{[%clk 0:29:52]} 17. dxe5 {[%clk 1:09:10]} dxe5 {[%clk 0:29:37]} 18. Qxd7
{[%clk 1:08:35]} Nxd7 {[%clk 0:29:49]} 19. Rxb7 {[%clk 1:07:57]} Rab8
{[%clk 0:24:54]} 20. Rxa7 {[%clk 1:07:08]} Rxb2 {[%clk 0:23:57]} 21. Rd1
{[%clk 1:04:36]} e4 {[%clk 0:17:27]} 22. Nd4 {[%clk 0:45:45]} Bg4
{[%clk 0:17:47]} 23. Rda1 {[%clk 0:44:20]} Nc5 {[%clk 0:12:57]} 24. Rc7
{[%clk 0:39:23]} Rfb8 {[%clk 0:04:07]} 25. h3 {[%clk 0:37:58]} Ne6
{[%clk 0:04:22]} 26. Rd7 {[%clk 0:33:14]} Nxd4 {[%clk 0:03:02]} 27. Rxd4
{[%clk 0:33:36]} Bf3 {[%clk 0:01:44]} 28. Bxf3 {[%clk 0:33:27]} exf3
{[%clk 0:02:14]} 29. Rf4 {[%clk 0:33:11]} Rc2 {[%clk 0:02:37]} 30. Rd1
{[%clk 0:28:11]} g6 {[%clk 0:01:41]} 31. g4 {[%clk 0:24:01]} Rc8 {[%clk 0:01:53]}
32. Rd7 {[%clk 0:21:34]} Rf8 {[%clk 0:00:34]} 33. Rc7 {[%clk 0:21:47]} Rc1+
{[%clk 0:00:33]} 34. Kh2 {[%clk 0:22:10]} Rf1 {[%clk 0:00:34]} 35. Rxf3
{[%clk 0:22:31]} Rc1 {[%clk 0:00:57]} 36. c5 {[%clk 0:22:10]} Rc2
{[%clk 0:00:50]} 37. Kg3 {[%clk 0:22:21]} Rc4 {[%clk 0:01:14]} 38. Rf4
{[%clk 0:22:23]} Rc1 {[%clk 0:01:42]} 39. c6 {[%clk 0:22:18]} Rc2
{[%clk 0:01:52]} 40. Kf3 {[%clk 0:19:56]} Rc3 {[%clk 0:01:38]} 41. Ke4
{[%clk 0:19:35]} Rc2 {[%clk 0:01:52]} 42. Kd3 {[%clk 0:14:55]} Rc1
{[%clk 0:02:04]} 43. Ke2 {[%clk 0:10:30]} Kg7 {[%clk 0:01:46]} 44. g5
{[%clk 0:10:04]} Kg8 {[%clk 0:01:52]} 45. Kf3 {[%clk 0:10:07]} Rc2
{[%clk 0:02:08]} 46. Kg2 {[%clk 0:10:29]} Kg7 {[%clk 0:02:14]} 47. h4
{[%clk 0:08:51]} Kg8 {[%clk 0:02:31]} 48. Rd4 {[%clk 0:08:53]} Re8
{[%clk 0:02:31]} 49. Rdd7 {[%clk 0:08:53]} Rf8 {[%clk 0:01:56]} 50. Re7
{[%clk 0:09:03]} Rc1 {[%clk 0:02:10]} 51. e4 {[%clk 0:09:22]} Kg7
{[%clk 0:00:55]} 52. e5 {[%clk 0:09:15]} Kg8 {[%clk 0:01:22]} 53. e6
{[%clk 0:09:35]} Re1 {[%clk 0:01:36]} 54. exf7+ {[%clk 0:09:58]} 1-0

[Event "EUYCC 2024 U12"]
[Site "?"]
[Date "2024.08.11"]
[Round "7.3"]
[White "Velim, Vojtech"]
[Black "Petroff, Vlad"]
[Result "0-1"]
[BlackElo "1997"]
[WhiteElo "1926"]
[LiveChessVersion "1.4.8"]

1. Nf3 {[%clk 1:30:57]} d5 {[%clk 1:30:51]} 2. c4 {[%clk 1:31:24]} d4
{[%clk 1:31:12]} 3. b4 {[%clk 1:30:21]} Bg4 {[%clk 1:28:56]} 4. Ne5
{[%clk 1:13:16]} Bf5 {[%clk 1:28:25]} 5. a3 {[%clk 1:06:02]} f6 {[%clk 1:26:48]}
6. Nf3 {[%clk 1:06:15]} e5 {[%clk 1:27:12]} 7. d3 {[%clk 1:06:15]} a5
{[%clk 1:21:43]} 8. b5 {[%clk 1:06:35]} a4 {[%clk 1:14:26]} 9. g3
{[%clk 1:04:59]} Nd7 {[%clk 1:11:12]} 10. Nbd2 {[%clk 0:57:33]} Nc5
{[%clk 1:08:43]} 11. Bg2 {[%clk 0:57:43]} Qd7 {[%clk 1:08:47]} 12. O-O
{[%clk 0:55:45]} Bh3 {[%clk 1:06:36]} 13. Ne1 {[%clk 0:46:12]} Bxg2
{[%clk 0:58:35]} 14. Nxg2 {[%clk 0:45:54]} f5 {[%clk 0:50:07]} 15. Qc2
{[%clk 0:40:45]} Nf6 {[%clk 0:50:01]} 16. Bb2 {[%clk 0:38:49]} Be7
{[%clk 0:46:29]} 17. Rad1 {[%clk 0:38:40]} e4 {[%clk 0:44:03]} 18. Qb1
{[%clk 0:27:05]} O-O {[%clk 0:43:21]} 19. dxe4 {[%clk 0:17:45]} fxe4
{[%clk 0:43:24]} 20. e3 {[%clk 0:18:10]} d3 {[%clk 0:41:50]} 21. f3
{[%clk 0:18:32]} Rad8 {[%clk 0:35:52]} 22. fxe4 {[%clk 0:13:52]} Nfxe4
{[%clk 0:35:37]} 23. Rxf8+ {[%clk 0:13:28]} Bxf8 {[%clk 0:35:37]} 24. Nxe4
{[%clk 0:12:16]} Nxe4 {[%clk 0:35:58]} 25. Ne1 {[%clk 0:10:52]} Qf5
{[%clk 0:27:30]} 26. Rxd3 {[%clk 0:09:47]} Qf2+ {[%clk 0:27:53]} 27. Kh1
{[%clk 0:09:50]} Qf1# 0-1

[Event "EUYCC 2024 U12"]
[Site "?"]
[Date "2024.08.11"]
[Round "7.4"]
[White "Janouskova, Eliska"]
[Black "Kala, Jakub"]
[Result "0-1"]
[BlackElo "1949"]
[WhiteElo "1672"]
[LiveChessVersion "1.4.8"]

1. e4 {[%clk 1:30:52]} c6 {[%clk 1:30:53]} 2. Nf3 {[%clk 1:31:02]} d5
{[%clk 1:31:16]} 3. Nc3 {[%clk 1:31:25]} Bg4 {[%clk 1:31:42]} 4. h3
{[%clk 1:31:24]} Bxf3 {[%clk 1:31:45]} 5. Qxf3 {[%clk 1:31:30]} e6
{[%clk 1:32:09]} 6. d3 {[%clk 1:31:34]} Nd7 {[%clk 1:31:34]} 7. Bd2
{[%clk 1:29:02]} Ngf6 {[%clk 1:30:09]} 8. g4 {[%clk 1:23:29]} Bd6
{[%clk 1:16:34]} 9. Bg2 {[%clk 1:19:22]} d4 {[%clk 1:12:50]} 10. Nd1
{[%clk 1:14:35]} Qc7 {[%clk 1:01:56]} 11. c3 {[%clk 1:06:15]} c5 {[%clk 0:58:29]}
12. Qe2 {[%clk 1:02:46]} h6 {[%clk 0:51:18]} 13. Rc1 {[%clk 0:57:57]} Qb8
{[%clk 0:43:55]} 14. O-O {[%clk 0:52:26]} e5 {[%clk 0:38:21]} 15. b3
{[%clk 0:46:38]} Nh7 {[%clk 0:33:09]} 16. Nb2 {[%clk 0:39:16]} Nhf8
{[%clk 0:28:13]} 17. cxd4 {[%clk 0:37:08]} cxd4 {[%clk 0:28:12]} 18. Nc4
{[%clk 0:37:05]} Ne6 {[%clk 0:26:06]} 19. Rfe1 {[%clk 0:33:06]} O-O
{[%clk 0:23:03]} 20. a3 {[%clk 0:25:34]} Be7 {[%clk 0:20:39]} 21. b4
{[%clk 0:24:48]} Bg5 {[%clk 0:18:47]} 22. Bxg5 {[%clk 0:23:44]} hxg5
{[%clk 0:19:08]} 23. Qf1 {[%clk 0:21:36]} Nf4 {[%clk 0:17:05]} 24. Rc2
{[%clk 0:20:20]} Rc8 {[%clk 0:15:43]} 25. Rec1 {[%clk 0:19:27]} Nf8
{[%clk 0:14:27]} 26. Bf3 {[%clk 0:18:24]} Rc6 {[%clk 0:13:14]} 27. Bg2
{[%clk 0:13:01]} N8g6 {[%clk 0:10:57]} 28. Qd1 {[%clk 0:11:38]} Nxg2
{[%clk 0:09:54]} 29. Kxg2 {[%clk 0:11:58]} Nf4+ {[%clk 0:10:20]} 30. Kh2
{[%clk 0:11:26]} Rh6 {[%clk 0:10:38]} 31. Rd2 {[%clk 0:10:10]} Rxh3+
{[%clk 0:10:06]} 32. Kg1 {[%clk 0:10:32]} g6 {[%clk 0:08:34]} 33. f3
{[%clk 0:07:55]} Kg7 {[%clk 0:08:14]} 34. Rcc2 {[%clk 0:07:30]} Qh8
{[%clk 0:08:15]} 35. Rh2 {[%clk 0:07:30]} Qh4 {[%clk 0:08:03]} 36. Rxh3
{[%clk 0:03:44]} Qxh3 {[%clk 0:07:44]} 37. Qf1 {[%clk 0:03:02]} Qg3+
{[%clk 0:07:59]} 38. Rg2 {[%clk 0:03:17]} Qxg2+ {[%clk 0:07:22]} 39. Qxg2
{[%clk 0:03:40]} Nxg2 {[%clk 0:07:49]} 40. Kxg2 {[%clk 0:04:09]} Kf6
{[%clk 0:07:25]} 41. a4 {[%clk 0:04:12]} Rc8 {[%clk 0:06:42]} 42. Kf2
{[%clk 0:04:02]} Ke6 {[%clk 0:06:22]} 43. Kg3 {[%clk 0:03:23]} f5
{[%clk 0:03:42]} 44. gxf5+ {[%clk 0:02:14]} gxf5 {[%clk 0:04:06]} 45. exf5+
{[%clk 0:02:29]} Kf6 {[%clk 0:04:03]} 46. Kg4 {[%clk 0:02:16]} Rxc4
{[%clk 0:03:55]} 47. dxc4 {[%clk 0:02:19]} d3 {[%clk 0:04:18]} 0-1

[Event "EUYCC 2024 U12"]
[Site "?"]
[Date "2024.08.11"]
[Round "7.5"]
[White "Moravcik, Alex"]
[Black "Meszaros-Csonka, David"]
[Result "1-0"]
[BlackElo "1932"]
[WhiteElo "1762"]
[LiveChessVersion "1.4.8"]

1. e4 {[%clk 1:30:43]} c5 {[%clk 1:30:18]} 2. Nf3 {[%clk 1:30:49]} e6
{[%clk 1:30:33]} 3. d4 {[%clk 1:31:13]} cxd4 {[%clk 1:30:51]} 4. Nxd4
{[%clk 1:31:35]} Nf6 {[%clk 1:31:12]} 5. Nc3 {[%clk 1:31:51]} Nc6
{[%clk 1:31:34]} 6. Ndb5 {[%clk 1:32:00]} d6 {[%clk 1:31:40]} 7. Bf4
{[%clk 1:32:24]} e5 {[%clk 1:31:56]} 8. Bg5 {[%clk 1:32:48]} a6 {[%clk 1:32:10]}
9. Na3 {[%clk 1:33:09]} b5 {[%clk 1:32:29]} 10. Nd5 {[%clk 1:33:16]} Be7
{[%clk 1:32:44]} 11. Bxf6 {[%clk 1:32:32]} Bxf6 {[%clk 1:32:56]} 12. c3
{[%clk 1:31:38]} O-O {[%clk 1:33:10]} 13. Nc2 {[%clk 1:31:32]} Rb8
{[%clk 1:33:29]} 14. h4 {[%clk 1:31:24]} g6 {[%clk 1:33:43]} 15. g3
{[%clk 1:31:12]} Bg7 {[%clk 1:33:59]} 16. h5 {[%clk 1:29:03]} Ne7
{[%clk 1:33:59]} 17. Nce3 {[%clk 1:29:25]} Nxd5 {[%clk 1:34:19]} 18. Nxd5
{[%clk 1:29:53]} Bb7 {[%clk 1:34:35]} 19. Be2 {[%clk 1:28:55]} Bf6
{[%clk 1:33:40]} 20. Bg4 {[%clk 1:23:55]} Bg5 {[%clk 1:31:13]} 21. hxg6
{[%clk 1:18:05]} hxg6 {[%clk 1:30:22]} 22. Kf1 {[%clk 1:17:36]} a5
{[%clk 1:21:52]} 23. Be2 {[%clk 1:12:32]} b4 {[%clk 1:18:39]} 24. c4
{[%clk 1:10:55]} Qc8 {[%clk 1:06:54]} 25. f4 {[%clk 0:52:16]} Bd8
{[%clk 0:38:59]} 26. Qd2 {[%clk 0:42:25]} f5 {[%clk 0:28:06]} 27. fxe5
{[%clk 0:36:04]} fxe4+ {[%clk 0:26:30]} 28. Kg2 {[%clk 0:35:49]} Qc5
{[%clk 0:21:56]} 29. Rh8+ {[%clk 0:34:46]} Kf7 {[%clk 0:21:14]} 30. Rf1+
{[%clk 0:33:52]} Ke6 {[%clk 0:21:32]} 31. Rhxf8 {[%clk 0:33:17]} e3
{[%clk 0:21:48]} 32. Bg4+ {[%clk 0:33:06]} Kxe5 {[%clk 0:21:57]} 33. Re8+
{[%clk 0:33:26]} Be7 {[%clk 0:22:22]} 34. Rxe7# {[%clk 0:33:54]} 1-0